000 00771nam a2200217 4500
010 _aA-257611
020 _c650.00(set)
035 _aA-257611
037 _aCen Lib/Ret
040 _aDPL
_bEN
082 _a463.38
_bCAR
100 _aCarey, W.
245 _aA dictionary of the Bengali language, Bengali-English :
_bin which the words are traced to their origin and their various meanings given /
_cby W. Carey, D.D.
260 _aNew Delhi
_bAsian Education Services
_c1981
270 _aC-2115, SDA.
_bNew Delhi
_e110016
300 _a2 v. (v 2. 1544)
500 _a2 v. ; v 1. (not available) ; v 2. (available).
650 _aBengali language -- Dictionaries -- English.
650 _aBengali language.
942 _2ddc
_cEN
_h463.38
_mCAR
999 _c136439
_d136439